000 00538ntaaa2200193 4500
003 01
005 20251027202716.0
008 0714s1973 ag 01
040 _aAR-BaBN
_bspa
_cAR-BaBN
_eaacr
_dRIC
082 _a575.0000 D85
100 _aNoüy, Lecomte de
_926831
245 _aEl destino humano
250 _a1 ed.
260 _aBuenos Aires :
_bSantiago Rueda-Editor,
_c1950
300 _a271 p
500 _aEvolución.La biblioteca posee esta obra escrita en inglés, "Human Destiny"
650 _aevolución
_91909
942 _cBK
999 _c22288
_d22288